Countries That are Also Cities - Statistics

General Stats
  • This quiz has been taken 33 times
    26 since last reset
  • The average score is 4 of 5
Answer Stats
Answer % Correct
Vatican City
100%
Monaco
86%
Singapore
86%
San Marino
81%
Luxembourg
71%
No matching quizzes found
Score Distribution
Percent of People with Each Score
Percentile by Number Answered
Your Score History
You have not taken this quiz since the last reset